North America Map Quiz-Hard - Statistics

General Stats
  • This quiz has been taken 20 times
  • The average score is 12 of 15
Answers on the Map
Answers color-coded by a green-red scale on the quiz's map according to % correct below.
 
Answer Stats
Answer % Correct
Mexico
94%
Bahamas
89%
Belize
89%
Canada
89%
Panama
89%
USA
89%
Cuba
83%
El Salvador
78%
Guatemala
78%
Costa Rica
72%
Nicaragua
72%
Dominican Republic
67%
Haiti
67%
Honduras
61%
Jamaica
61%
No matching quizzes found
Score Distribution
Percent of People with Each Score
Percentile by Number Answered
Your Score History
You have not taken this quiz